| 000 | 00873nam a2200169 a 4500 | ||
|---|---|---|---|
| 008 | 120416s2001 ||||||||||||||||| || u | ||
| 020 | _a8120308387 | ||
| 050 | _aTS 155 Ada | ||
| 100 | _aAdam, Everett E. jr | ||
| 245 | 1 | 0 | _aProduction and operations management: concepts, models and behaviour (5th. ed.) |
| 250 | _a5th. ed. | ||
| 260 |
_aNew Delhi _bPrentice Hall of India _c2001 |
||
| 350 | _a0.00 | ||
| 995 |
_aMAIN LIBRARY OPEN ACCESS _D0.00 _e732167 _FCBU-MAIN LIBRARY (Kitwe) _H2 _I50.00 _jTS 155 Ada _M2 _UDAMAGED _y44697 _ZMain Library Open Access Collection |
||
| 995 |
_aBINDERY (DAMAGED) _D0.00 _e732169 _FCBU-MAIN LIBRARY (Kitwe) _H3 _I50.00 _jTS 155 Ada _M3 _UDAMAGED _y44698 _ZMain Library Open Access Collection |
||
| 995 |
_aBINDERY (DAMAGED) _D0.00 _e732168 _FCBU-MAIN LIBRARY (Kitwe) _H1 _I50.00 _jTS 155 Ada _M1 _UDAMAGED _WApr 25, 2006 _y44695 _ZMain Library Open Access Collection |
||
| 999 |
_c77233 _d77233 |
||